Quiz sur la Loire-Atlantique - Statistiques

Statistiques générales
  • Ce quiz a été pris 177 fois
  • Le résultat moyen est 15 sur 20
Statistiques - réponses
Question Réponse % Correct
Région Pays de la Loire
99%
Numéro du département 44
98%
Préfecture et plus grande ville Nantes
97%
Océan qui borde le département à l'ouest. Océan Atlantique
97%
Saint-Nazaire
92%
Vendée
92%
Citez une des deux biscuiteries originaires de la préfecture et connue nationalement (indice : 2 lettres suffises). BN / LU
89%
Région administrative française proche culturellement et historiquement de la Loire-Atlantique. Bretagne
89%
Écrivain né dans le département, connu notamment pour le roman Vingt Mille Lieues sous les mers. Jules Verne
86%
Commune connue pour son sel ''Label Rouge''. Guérande
85%
Maine-et-Loire
85%
Fleur indissociable du mois de mai dont 80% de la production européenne se concentre dans le département. Muguet
85%
Morbihan
81%
Départements limitrophes Ille-et-Vilaine
74%
Station balnéaire de la Côte de Jade connue pour son château et son vieux port à l'embouchure du canal de Haute-Perche. Pornic
74%
La Loire-Atlantique est le département avec l'... maximale la plus faible. altitude
65%
Nom de la Loire-Atlantique avant 1957. Loire-Inférieure
61%
Sous-préfectures Châteaubriant
58%
Plus gros paquebot du monde, construit dans le chantier naval du département. Symphony of the Seas
17%
Nombre d'habitants (arrondi à la dizaine de milliers d'habitants) 1 410 000 (1 412 502)
16%
Aucun quiz correspondant
Distribution des résultats
% des personnes avec chaque résultat
Percentile par nombre de réponses
Votre historique - résultats
Vous n’avez pas pris ce quiz